Ingeniería de control

Uloženo v:
Podrobná bibliografie
Hlavní autor: Bolton, William (Autor)
Médium: Kniha
Jazyk:španělština
Vydáno: Ciudad de México Alfaomega 2001
Témata:
Tagy: Přidat tag
Žádné tagy, Buďte první, kdo vytvoří štítek k tomuto záznamu!

MARC

LEADER 00000cam a2200000 a 4500
001 UCM4800
003 CL-VaPUC
008 020906e20010000MX |||||||||||||||||spa|d
020 |a 9701506367 
082 0 4 |a 629.8  |b BOL  |2 21 
100 |a Bolton, William  |e author  |9 550702 
245 1 0 |a Ingeniería de control 
300 |a 397 p 
942 |c BK 
945 |d 20020906 00:00:00  |a vberengu 
260 |a Ciudad de México  |b Alfaomega  |c 2001 
650 0 |a Sistemas de control  |9 263596 
650 7 |a CONTROL DIGITAL DIRECTO  |2 CL-VaPUC  |9 471201 
650 7 |a MATLAB  |2 CL-VaPUC  |9 330763 
583 |a last modification  |c 20140107 04:10:58  |k Rodrigo Vera 
999 |c 301268  |d 301266 
952 |0 0  |1 0  |4 0  |6 629_800000000000000_BOL_2001  |7 0  |8 A  |9 360066  |a BIBMEC  |b BIBMEC  |d 2019-11-21  |i 3832589  |o 629.8 BOL 2001  |p 3832589  |r 2024-01-19  |w 2019-11-21  |y BK  |k MEC 
952 |0 0  |1 0  |2 ddc  |4 0  |6 629_800000000000000_BOL_2001  |7 0  |8 A  |9 360067  |a BIBING  |b BIBING  |c RES  |d 2019-11-21  |i 3868052  |l 2  |o 629.8 BOL 2001  |p 3868052  |r 2025-01-20  |s 2023-12-01  |w 2019-11-21  |y BK  |k EIE 
952 |0 0  |1 0  |2 ddc  |4 0  |6 629_800000000000000_BOL_2001  |7 0  |8 A  |9 360068  |a BIBING  |b BIBING  |c RES  |d 2019-11-21  |i 4012577  |l 1  |o 629.8 BOL 2001  |p 4012577  |r 2025-01-20  |s 2022-03-30  |w 2019-11-21  |y BK  |k EIE 
952 |0 0  |1 0  |2 ddc  |4 0  |6 629_800000000000000_BOL_2001  |7 0  |8 A  |9 360069  |a BIBING  |b BIBING  |c RES  |d 2019-11-21  |i 4012585  |l 1  |o 629.8 BOL 2001  |p 4012585  |r 2025-01-20  |s 2022-03-24  |w 2019-11-21  |y BK  |k EIE 
952 |0 0  |1 0  |2 ddc  |3 erb  |4 0  |6 629_800000000000000_BOL_2001  |7 0  |8 A  |9 360070  |a BIBING  |b BIBING  |c RES  |i 5046335  |o 629.8 BOL 2001  |p 5046335  |r 2025-01-20  |w 2019-11-21  |y BK  |z Catalogado en:20140116  |k EIB